| 000 -ლიდერი |
| ფიქსირებული სიგრძის საკონტროლო ველი |
00944nam a22001937a 4500 |
| 003 - საკონტროლო ნომრის იდენტიფიკატორი |
| საკონტროლო ველი |
Ge_BSU |
| 005 - ბოლო ოპერაციის თარიღი და დრო |
| საკონტროლო ველი |
20240618161737.0 |
| 008 - ფიქსირებული სიგრძის მონაცემთა ელემენტები - ზოგადი ინფორმაცია |
| ფიქსირებული სიგრძის საკონტროლო ველი |
240618s1963 ge ||||| |||| 00| 0 geo d |
| 041 ## - ენის კოდი |
| Language code of text/sound track or separate title |
geo |
| 080 ## - უნივერსალური ათობითი კლასიფიკაციის ინდექსი |
| Universal Decimal Classification number |
614.253 ჩ-48 |
| 100 ## - მთავარი ჩანაწერი - პიროვნების სახელი |
| Personal name |
ჩერნიახოვსკი, ა.ლ. |
| 9 (RLIN) |
22479 |
| 245 ## - ცნობა სათაურის შესახებ |
| Title |
მუდამ ჩვენთან არიან / |
| Statement of responsibility, etc |
ა.ლ. ჩერნიახოვსკი; [მთარგმ.: გ. ქველაძე; ილ.: დ. დუნდუა, ნ. ვორობიოვი]. |
| 264 ## - წარმოების, გამოცემის, დისტრიბუციის და სხვა ცნობები |
| გამოცემის, წარმოების, დისტრიბუციის... ადგილი |
თბილისი : |
| გამოცემის, წარმოების, დისტრიბუციის... სახელწოდება |
საბჭ. საქართველო, |
| გამოცემის, წარმოების, დისტრიბუციის... თარიღი |
1963. |
| 300 ## - ფიზიკური აღწერა |
| Extent |
238 გვ. : |
| Other physical details |
ილ. ; |
| Dimensions |
20 სმ. |
| 653 ## - INDEX TERM--UNCONTROLLED |
| Uncontrolled term |
მედიცინის მუშაკები |
| 700 ## - ADDED ENTRY--PERSONAL NAME |
| Personal name |
ქველაძე, გ., |
| Relator term |
მთარგმნელი. |
| 9 (RLIN) |
18600 |
| 700 ## - ADDED ENTRY--PERSONAL NAME |
| Personal name |
დუნდუა, დ., |
| Relator term |
ილუსტრატორი |
| 9 (RLIN) |
4812 |
| 942 ## - ADDED ENTRY ELEMENTS (KOHA) |
| Source of classification or shelving scheme |
|
| Koha item type |
წიგნი |